000 00560nam a2200121Ia 4500
008 171212s9999 xx 000 0 und d
020 _a9780833085900
100 _aBerry, Sandra H.;Burger, Nicholas;Dogo, Harun;Kumar, Krishna B.;Malchiodi, Alessandro
245 _cBerry, Sandra H.;Burger, Nicholas;Dogo, Harun;Kumar, Krishna B.;Malchiodi, Alessandro
_aDesigning a System for Collecting Policy-Relevant Data for the Kurdistan Region—Iraq
260 _bRAND Corporation
_c2014
650 _aBusiness
856 _uhttp://www.jstor.org/stable/10.7249/j.ctt6wq9bd
999 _c351934
_d351934